|
|
|
|
| LEADER |
00000naa a2200000 a 4500 |
| 001 |
vtls011912699 |
| 003 |
SK-MaSNL |
| 005 |
20260426105755.0 |
| 008 |
201028 1699 fr 000 0 lat |
| 015 |
|
|
|a SNBHFA
|
| 040 |
|
|
|a SNK
|b slo
|c SNK
|e AACR2
|
| 041 |
0 |
|
|a lat
|
| 044 |
|
|
|a fr
|c FR
|
| 072 |
|
7 |
|a 101
|x Filozofia
|2 konspekt
|
| 080 |
|
|
|a 101
|2 2011
|
| 080 |
|
|
|a 14:2
|2 2011
|
| 080 |
|
|
|a (043.3)
|2 2011
|
| 100 |
1 |
|
|a Stoeber, Elias
|4 aut
|4 dis
|9 837462
|
| 245 |
1 |
4 |
|a De Immortalitate Animae, Anet Quomodo Ex Lumine Naturae Demonstrari Possit? Auxiliante Deo, In Inclyta Argentoratensium Vniversitate,
|c Sub Praesidio Viri Maxime Reverendi, Amplissimi atq Excellentissimi, Dn. Johannis Nicolai Hardtschmidt, SS. Th. D. Log. & Metaph. Professoris Celeberrimi, h.t. Rectoris Magnifici, Capit. Thom. Canonici & Ecclesiastae, Dn. Patroni, Promotoris atq Praeceptoris sui, omni ac perpetuo Pietatis obsequijque Cultu Devenerandi, pro viribus publice disputabit Elias Stöber, Argentinensis. Die Mens. Martij Anno 1699. Horis locoque solitis.
|
| 260 |
|
|
|a Argentorati
|c Literis Johannis Friderici Spoor
|c 1699
|
| 300 |
|
|
|a [2] strany, strany137-152, [20] strán
|c 22 cm
|
| 500 |
|
|
|a Iniciálka bez pozadia na 7 riadkov, neživé záhlavie, kustody, zložky
|
| 501 |
|
|
|a Príväzok 38. k: ZELTNER, Gustav Georg. Dissertatio Theologica Qva Scriptvra Sacra Divina Sva Lvce Radians. Altorfi Noricorvm: Typis Iod. Gvil. Kohlesii Acad. Typogr., MDCCXXII. [=1722].
|5 SNK IC 145041
|
| 561 |
|
|
|a Z knižnice Učenej spoločnosti malohontskej.
|5 SNK IC 145041/prív.38
|
| 650 |
0 |
7 |
|a filozofia
|2 SNKPH
|9 793
|
| 655 |
|
7 |
|a dizertácie
|2 SNKPH
|9 70277
|
| 700 |
1 |
|
|a Hardtschmidt, Johann Nicolaus,
|d 1657-1706
|4 aut
|9 837454
|
| 700 |
1 |
|
|a Spoor, Johann Friedrich,
|d asi 1640-asi 1709
|4 prt
|9 564228
|
| 710 |
2 |
|
|a Učená spoločnosť malohontská
|4 fmo
|5 SNK IC 145041/prív.38
|9 205374
|
| 710 |
0 |
|
|a Spoor, Johann Friedrich (Štrasburg, Francúzsko)
|4 prt
|9 564229
|
| 752 |
|
|
|a Francúzsko
|d Štarsburg
|
| 852 |
|
|
|a snk
|b Historické fondy
|p IC 145041/prív.38
|
| 958 |
|
|
|a DC
|
| 999 |
|
|
|c 3360814
|d 3362744
|
| 952 |
|
|
|t MHC 1300
|a SNK
|b SNK
|c SNK_HF
|y PREZ
|7 0
|p 17A1394992
|o snkIC 145041/prív.38
|i snk2020/346
|8 5
|0 0
|1 0
|4 0
|d 2020-01-23
|l 0
|r 2026-03-03 12:05:41
|w 2026-03-03
|